000 01109naa a22002777a 4500
001 BR7905510
003 BR-BrBNA
005 20240918174427.0
007 ta
008 230509b bl.||||| |||| 00| 0 por d
040 _aBR-BrBNA
_bpor
_cBiblioteca Nacional de Agricultura
041 _a(Pt)
072 _aF60
090 _aF60 BR7905510
100 1 _aAmorim, H.V. de
245 1 _aRespiracao [Oxigenio; Gas carbonico; Fisiologia vegetal]
260 3 _aSao Paulo, SP (Brasil):
_bEd. Pedagogica e Universitaria,
_c1979.
500 _aFerri, M.G. (coord.) Fisiologia vegetal Sao Paulo, SP (Brasil): Ed. Pedagogica e Universitaria, 1979. v. 1 p. 247-277 (BR7905510-AM)F60
650 _aFisiologia vegetal
650 _aRespiracao
650 _aGas carbonico
650 _aOxigenio
773 0 _tGoma de barauna [Schinopsis brasiliensis; Industria florestal; Fisiologia vegetal; Brasil]
_aRosenthal, F.R.T. - Instituto Nacional de Tecnologia, Rio de Janeiro, GB (Brasil)
_w2590 BR5000005
_gRio de Janeiro, GB (Brasil), 1950.
_q31 p.
909 _a202404
_bLucia
_c55
_dLucia Elande
942 _cAM
_2AGRIS
999 _c311178
_d311178